000 00687nam a2200181Ia 4500
008 151202s9999||||xx |||||||||||||| ||und||
082 _bPNVM-73135
100 _aदेशिंगकर वि श्री.
245 _aतुमचे आयुष्य किती आहे.
260 _bमनोरमा प्रकाशन मुंबई.
260 _c73135
300 _a304
600 _aदेशिंगकर वि श्री.
630 _aतुमचे आयुष्य किती आहे.
700 _aदेशिंगकर वि श्री.
730 _aतुमचे आयुष्य किती आहे.
942 _cBOOK
999 _c1339800
_d1339797